000 01497nam a2200373 a 4500
001 ebr10424564
003 CaPaEBR
006 m u
007 cr cn|||||||||
008 100812s2010 enk sb 001 0 eng d
010 _z 2010281899
020 _z9781845119348 (hbk.)
020 _z1845119347 (hbk.)
040 _aCaPaEBR
_cCaPaEBR
035 _a(OCoLC)671648379
043 _aa-cy---
050 1 4 _aHQ1727
_b.H36 2010eb
082 0 4 _a305.4/095693
_222
100 1 _aHadjipavlou, Maria.
245 1 0 _aWomen and change in Cyprus
_h[electronic resource] :
_bfeminisms and gender in conflict /
_cMaria Hadjipavlou.
260 _aLondon :
_bTauris Academic Studies ;
_aNew York :
_bDistributed in the U.S. and Canada by Palgrave Macmillan,
_c2010.
300 _aviii, 285 p.
490 1 _aLibrary of European studies ;
_v15
504 _aIncludes bibliographical references and index.
533 _aElectronic reproduction.
_bPalo Alto, Calif. :
_cebrary,
_d2013.
_nAvailable via World Wide Web.
_nAccess may be limited to ebrary affiliated libraries.
650 0 _aWomen
_zCyprus
_xSocial conditions.
650 0 _aWomen's rights
_zCyprus.
650 0 _aWomen and war
_zCyprus.
651 0 _aCyprus
_xEthnic relations.
655 7 _aElectronic books.
_2local
710 2 _aebrary, Inc.
830 0 _aLibrary of European studies ;
_v15.
856 4 0 _uhttp://site.ebrary.com/lib/rucke/Doc?id=10424564
_zAn electronic book accessible through the World Wide Web; click to view
999 _c143179
_d143179